LEADER 01501nas a2200289 i 4500 001 000000161693 003 CaOOAMICUS 005 20070525000000.0 008 070525b2003 xxuuu u0 0eng r 013 $a139056 040 $aSeMil$bita 245 10$aTerms of Continental Philosophy /$cedited by Steven Crowell [and] Margaret A. Simons ; Executive Committee Dan Dahlstrom ... [et al.]. 260 $aChicago :$bDePaul University,$ccopyr. 2003. 300 $a204 p. ;$c26 cm. 500 $aEstratti dal 41. Convegno annuale SPEP, Society for Phenomenology and Existential Philosophy. 700 1 $aSociety for Phenomenology and Existential Philosophy (SPEP) : Annual Meeting <41. ; 2002>.$0(OLS)http://semarc/name/42735 700 1 $aDahlstrom, Dan.$0(OLS)http://semarc/name/42736 700 1 $aSimons, Margaret A.$0(OLS)http://semarc/name/42732 700 1 $aCrowell, Steven.$0(OLS)http://semarc/name/42728 773 0 $tSelected Studies in Phenomenology and Existential Philosophy.$dChicago : DePaul University, 1996.$w()334 773 0 $tPhilosophy Today.$dCarthagena (Ohio) : Messenger Press, 1957.$x0031-8256$w()2613 774 0 $t[vedi periodico].$w()266498 850 $aSeMil 852 $aSeMil$W1$xVenegono$y1$m16 6 52$j113072$B113072$CSeMilBibl$Z2$F123577 $85 961 $aAbbonamento: DePaul University 996 $6245$aTerms of Continental Philosophy$9(OLS)http://semarc/title/144936 996 $6260$aChicago :$bDePaul University$9(OLS)http://semarc/publisher/29833 LEADER 00993nam a2200217 4500 001 000000354882 003 CaOOAMICUS 005 20230804144320.0 008 230804s1865 au a 000 u fre r 040 $aSeMil$bita 100 11$aNoël, Charles.$0(OLS)http://semarc/name/118010 245 10$aHuit jours à Vienne :$bnouveau guide de l'étranger dans la ville de Vienne et ses environs /$c[Charles Noël]. 250 $a2. éd. augmentée 264 1$aVienne :$bGuillaume Braumüller,$c1865. 300 $aV, 148 p., [1] carta di tav. ripieg. :$bc. geogr. ;$c15 cm 650 4$aVienna - Guide.$0(OLS)http://semarc/subject/7318 850 $aSeMil 852 $aSeMil$W1$xVenegono$y1$m4Y I 31 FA$j242898$B246170$CSeMilBibl$Z2$F246170 $8I 996 $6245$aHuit jours à Vienne :$bnouveau guide de l'étranger dans la ville de Vienne et ses environs$9(OLS)http://semarc/title/445051 996 $6264$aVienne :$bGuillaume Braumüller$9(OLS)http://semarc/publisher/61153